Zachariæ Vrsini Vratislaviensis ... Tractationum theologicarum ... / Vol. 1

Saved in:  
Bibliographic Details
Subtitles:Tractatus theologici
Main Author: Ursinus, Zacharias 1534-1583 (Author)
Contributors: Jungnitz, Johann -1588 (Other) ; Harnisch, Matthaeus 1535-1596 (Printer)
Format: Print Book
Language:Latin
Subito Delivery Service: Order now.
Check availability: HBZ Gateway
WorldCat: WorldCat
Interlibrary Loan:Interlibrary Loan for the Fachinformationsdienste (Specialized Information Services in Germany)
Published: Neustadii Harnisch 1587
In: Zachariæ Vrsini Vratislaviensis ... Tractationum theologicarum ...
Year: 1587
Sammlungen:

MARC

LEADER 00000cam a2200000 cc4500
001 150001606
003 DE-627
005 20250606234605.0
007 tu
008 940428s1587 xx ||||| 00| ||lat c
035 |a (DE-627)150001606 
035 |a (DE-576)9150001604 
035 |a (DE-599)GBV150001606 
035 |a (OCoLC)831435304 
040 |a DE-627  |b ger  |c DE-627  |e rakwb 
041 |a lat 
044 |c XA-DXDE 
100 1 |0 (DE-588)118803573  |0 (DE-627)149254245  |0 (DE-576)165806788  |4 aut  |a Ursinus, Zacharias  |d 1534-1583 
109 |a Ursinus, Zacharias 1534-1583  |a Beer, Zacharias 1534-1583  |a Ursinus, Zacharius 1534-1583  |a Wu, Xinna 1534-1583  |a Bär, Zacharias 1534-1583  |a Ursin, Zachary 1534-1583  |a Ursinus, Zakarias 1534-1583  |a Ursino, Zaccaria 1534-1583  |a Baer, Zacharias 1534-1583  |a Ursin, Zacharias 1534-1583 
245 1 0 |a Zachariæ Vrsini Vratislaviensis ... Tractationum theologicarum ...  |n Vol. 1  |c [Hrsg.: Johann Jungnitz] 
246 3 3 |a Tractatus theologici 
264 1 |a Neustadii  |b Harnisch  |c 1587 
300 |a [10] Bl., 701, [1] S., [12] Bl  |b 2 Ill. (Druckerm., Kupferst.) 
336 |a Text  |b txt  |2 rdacontent 
337 |a ohne Hilfsmittel zu benutzen  |b n  |2 rdamedia 
338 |a Band  |b nc  |2 rdacarrier 
361 1 |5 DE-23  |y 122816935  |s H: G 208.2° Helmst.  |o Vorbesitz  |a NN  |f Exemplar: Donator  |f Notiz 
361 1 |5 DE-23  |y 122816935  |s H: G 208.2° Helmst.  |o Vorbesitz  |a Helmer, Nikolaus  |f Exemplar: Widmungsempfänger  |f Notiz 
361 1 |5 DE-23  |y 122816935  |s H: G 208.2° Helmst.  |o Vorbesitz  |a Universitätsbibliothek Helmstedt  |0 (DE-588)2098918-0  |0 (DE-627)709071094  |0 (DE-576)192989642  |f Stempel 
361 1 |5 DE-23  |y 122816935  |s H: G 208.2° Helmst.  |o Vorbesitz  |a Universitätsbibliothek Helmstedt  |0 (DE-588)2098918-0  |0 (DE-627)709071094  |0 (DE-576)192989642  |f Signatur 
500 |a Bibliogr. Nachw.: VD 16 U 342 
500 |a Vorlageform der Veröffentlichungsangabe: Nevstadii Palatinorvm : [Harnisch] 
700 1 |0 (DE-588)173280382  |0 (DE-627)698198506  |0 (DE-576)134128966  |4 oth  |a Jungnitz, Johann  |d -1588 
700 1 |0 (DE-588)119699125  |0 (DE-627)539155489  |0 (DE-576)291846246  |4 prt  |a Harnisch, Matthaeus  |d 1535-1596 
773 1 8 |a Zachariæ Vrsini Vratislaviensis ... Tractationum theologicarum ...  |w (DE-627)150001592  |w (DE-576)9150001590  |g Vol. 1  |q 1.1587  |7 nnam 
935 |a JALB  |a mteo 
951 |a MV 
ELC |b 1 
LOK |0 000 xxxxxcx a22 zn 4500 
LOK |0 001 4579054113 
LOK |0 003 DE-627 
LOK |0 004 150001606 
LOK |0 005 20240912102302 
LOK |0 008 240912||||||||||||||||ger||||||| 
LOK |0 040   |a DE-Tue135  |c DE-627  |d DE-Tue135 
LOK |0 092   |o n 
LOK |0 852   |a DE-Tue135 
LOK |0 852 1  |9 00 
LOK |0 866   |x SPQUE#Johannes a Lasco Bibliothek 
LOK |0 935   |a JALB 
LOK |0 939   |a 12-09-24  |b l01 
ORI |a SA-MARC-ixtheoa001.raw